| 000 | 01585nam0a2200361 4500 | ||
|---|---|---|---|
| 001 | RU\NLR\bibl\310932 | ||
| 005 | 20260406070355.0 | ||
| 010 |
_a5-7784-0123-X _92000 |
||
| 021 |
_aRU _b2002-27410 _91361 |
||
| 035 | _a(NLR Aleph) 000306066 | ||
| 090 |
_a17088 _c17088 |
||
| 100 | _a20020923d2002 |||y0rusy50 ca | ||
| 101 | 0 | _arus | |
| 102 | _aRU | ||
| 105 | _ay ||||||||| | ||
| 200 | 1 |
_aМне выпала горькая слава... _eПисьма, 1915-1937 _fБорис Пильняк _g[Сост. Б.Б. Андроникашвили-Пильняк; Предисл. К.Б. Андроникашвили-Пильняк; Примеч. Б.Б. и К.Б. Андроникашвили-Пильняк _gФедер. программа книгоиздания России] |
|
| 210 |
_aМ. _cАграф _d2002 |
||
| 215 |
_a399 с. _d21 |
||
| 225 | 1 | _aСимволы времени | |
| 320 | _aБиблиогр. в примеч. в тексте | ||
| 600 | 1 |
_aПильняк _bБ.А. _f1894 - 1937 _gБорис Андреевич _jПереписка _91981989 _3RU\NLR\auth\66909156 |
|
| 610 | 0 | _aРусская литература | |
| 675 |
_a821.161.1-6Пильняк _v3 _zrus |
||
| 686 |
_a17.82 _2rugasnti |
||
| 686 |
_a84(2Рос-Рус)6 _2rubbk |
||
| 686 | _aШ5(2=Р)7-4Пильняк | ||
| 700 | 1 |
_4070 _8rus _7ca _aПильняк _bБ. А. _f1894-1938 _gБорис Андреевич _3RU\NLR\auth\7715661 _9125309 |
|
| 801 | 0 |
_aRU _bRKP _c20020923 _gPSBO |
|
| 801 | 1 |
_aRU _bRKP _c20020923 |
|
| 801 | 2 |
_aRU _bNLR _c20050228 _grcr |
|
| 942 | _cBOOK | ||
| 980 | _aNB | ||